Ciencias naturales 7 : física /
Guardado en:
| Autor Principal: | |
|---|---|
| Otros Autores: | |
| Formato: | Libro |
| Publicado: |
Buenos Aires :
A-z,
1998
|
| Edición: | 2a. ed. |
| Materias: | |
| Etiquetas: |
Agregar Etiqueta
Sin Etiquetas, Sea el primero en etiquetar este registro!
|
| LEADER | 01478nam a22005175a 4500 | ||
|---|---|---|---|
| 001 | CEM.cems017944 | ||
| 005 | 20121218085219.0 | ||
| 008 | 130507s1998##################000#0#####d | ||
| 003 | CEMS | ||
| 020 | |a 9505344333 | ||
| 082 | 0 | 4 | |a 570 |
| 100 | 1 | |a Botto, Juan L. | |
| 245 | 1 | 0 | |a Ciencias naturales 7 : |b física / |c Jorge Rubinstein ; coordinado Por Juan L. Botto |
| 250 | |a 2a. ed. | ||
| 260 | |a Buenos Aires : |b A-z, |c 1998 | ||
| 300 | |a 86 p. | ||
| 500 | |a Para 3er. Ciclo Egb | ||
| 505 | 0 | |a ¿Por qué hay viento? -- La luz se desvía -- Temperatura, qué es y cómo se mide -- Electrostática -- Viaje a las estrellas | |
| 653 | |a Física | ||
| 653 | |a Ciencias naturales-7 egb | ||
| 653 | |a Sistema métrico legal argentino | ||
| 653 | |a Simela | ||
| 653 | |a Aire | ||
| 653 | |a Presión atmosférica | ||
| 653 | |a Luz | ||
| 653 | |a Rayos luminosos | ||
| 653 | |a Propagación de la luz | ||
| 653 | |a Rflexión de la luz | ||
| 653 | |a Refracción de la luz | ||
| 653 | |a Fibra óptica | ||
| 653 | |a Lentes | ||
| 653 | |a Instrumentos ópticos | ||
| 653 | |a Temperatura | ||
| 653 | |a Termómetro | ||
| 653 | |a Calor | ||
| 653 | |a Electricidad | ||
| 653 | |a Campo eléctrico | ||
| 653 | |a Rayos | ||
| 653 | |a Relámpagos | ||
| 653 | |a Luna | ||
| 653 | |a Planetas | ||
| 653 | |a Sol | ||
| 653 | |a Vía láctea | ||
| 653 | |a Estrellas | ||
| 700 | 1 | |a Rubinstein, Jorge | |
| 859 | |a CEMS |b BIB. CEMS - Agricultura |h 570 |i B659-1a2 |p A1771.12 |t Ej.1 |v 7 |3 7 | ||
